| 000 | 00795cam a2200241 4500 | ||
|---|---|---|---|
| 001 | WB3742-13 | ||
| 008 | 011106n2001 000 0 eng u | ||
| 035 | _a(Sirsi) u115505 | ||
| 245 | _aFlooding - best practice | ||
| 260 | _c2001 | ||
| 490 |
_aBuilding Control _v(125) November 2001, 16(1) |
||
| 520 | _aThe RICS flooding and coastal erosion group has produced a checklist of flooding best practice. It is aimed at surveyors undertaking residential surveys, but could also be useful for building control officers. | ||
| 590 | _aWB | ||
| 650 | _aFLOODING | ||
| 650 | _aBEST PRACTICE | ||
| 650 | _aGUIDANCE | ||
| 650 | _aCOASTAL EROSION | ||
| 650 | _aCHECKLIST | ||
| 650 | _aRICS | ||
| 650 | _aRESIDENTIAL SURVEYS | ||
| 690 | _aENVIRONMENTAL AND LAND CONSULTANCY | ||
| 942 | _n0 | ||
| 999 |
_c68794 _d68794 |
||